Estatísticas para Inspeção interna

Clique aqui para jogar o quiz

Estatísticas Gerais

  • Esse quiz foi jogado 29 vezes
    (22 desde o último reset)
  • A pontuação média é 21 de 35

Estatísticas das Respostas

HintResposta% Correto
1Cadeira da direita voo solo posição mais alta, cintos e suspensórios amarrados "não é o caso"
100%
23Acelerômetro verificar e pressionar 1G
67%
21Altímetro altitude do campo 1976ft
67%
13Bateria ligar
67%
17Bocais de ventilação como desejar
67%
11Booster, alternador desligados
67%
2Cadeira e pedais ajustados
67%
22Climb em zero
67%
*Comandos livres?
67%
5Comandos livres e correspondentes
67%
*Com licença
67%
*Com licença
67%
27Fluxômetro em zero
67%
14Freio de estacionamento aplicado
67%
8Gasolina tanque principal direito
67%
20Horizonte artificial desligado e travado
67%
15Interruptores anti-colisão ligado, demais desligados
67%
9Magnetos desligados
67%
26Manômetro de pressão de admissão pressão atmosférica local
67%
3Paraquedas, cintos, suspensórios, capacete, viseira, lábio-fone, jugular e luvas ajustados
67%
10Partida protetor baixado
67%
4Plugues do microfone e fones conectar
67%
24Relógio verificar funcionamento e dar corda se necessário
67%
16Reostato de iluminação e lanternas C4 desligadas
67%
7Seletora de emergência em neutro
67%
25Taquímetro em zero
67%
18Trem comando para baixo ultrapassando o ressalto, luzes verdes acesas e vermelhas apagadas, pressionar e checar fixação, interruptor de emergência para direita e frenado
67%
6Válvula de descarga checar funcionamento e fechar
67%
19Velocímetro em zero
67%
31Capota checar funcionamento
33%
*Capota livre?
33%
30Chave remota do TLE guarda baixada, frenada
33%
12Disjuntores comprimidos, inclusive o do alternador e dos rádios T-25C
33%
29T-25C
Painel de áudio COM1/AUTO, COM1 ligados, demais desligados
Chave geral dos rádios desligada
Seletora de navegação GPS/VOR VOR
Chave de interfone INTERCOM/VHF VHF
Transponder desligado
33%
28T-25A
Painel de áudio COM,VHF e NOR ligados, demais desligados
deixar em INT para facilitar a comunicação
VOR 115,8 desligado, VHF 121,70 desligado, Transponder desligado
0%

Distribuição das Pontuações

Percentil de Números Respondidos

Porcentagem de Pessoas com Cada Pontuação

Sua Pontuação Histórica

Você não jogou esse quiz desde o último reset